02280nam a2200313 a 4500001001000000003000500010005001700015007001500032008004100047035001100088040000900099100002800108245024500136264004100381300005200422336002800474337002900502338003900531502002700570520111600597650002501713650002901738650002801767650002901795650002001824650002501844700004401869856005301913000103181CHAP20251209111125.0cr ||||||a|c|a101003s2010 mx r 00010 spa d a111302 cCHAP1 aFacundo Ambros, Orlando10aEvaluación técnico-financiera del proyecto de producción de jitomate bajo invernadero Rancho la Zorra, en la comunidad de Río Verde, San Bartolo Soyaltepec, Oaxaca /cpor Orlando Facundo Ambros; director de tesis Omar Ortiz Pérez. aChapingo, Méx. :bEl autor,c2010. a1 recurso en línea (147 páginas):bcuadros. 2rdacontent atextobtxt 2rdamediaacomputadorabc 2rdacarrierarecurso en líneabcr bIEAcDICEAd2010.gLIC aLa producción de jitomate bajo invernadero se ha convertido en los últimos años en una alternativa real para los campesinos que viven en la región de la Mixteca. Las condiciones geográficas y climáticas históricamente han orillado a los pobladores de esta región a la cría de ovinos y caprinos, sin embargo, las ventajas del cultivo de hortalizas en la modalidad de agricultura protegida aunado y el apoyo de organizaciones civiles y federales ha permitido que los productores tengan ingresos mayores que les permitan mejorar su situación familiar y por ende su calidad de vida, sin tener que buscar la opción de migrar. El empleo de tecnología y la capacitación técnica hacen del cultivo en invernaderos una actividad rentable capaz de cubrir las necesidades de un mercado demandante, a la vez que se ven optimizados los recursos naturales. De acuerdo con los indicadores de rentabilidad, se obtendrá un VAN de $ 170,033.24, una R B/C de 0.14, y una TIR de 17.46%, esto demuestra que el proyecto es rentable por lo que representa una alternativa real para los socios del proyecto.14aComunidades rurales.14aCultivos en invernadero.14aFinanzasxEvaluación.14aProyectosxEvaluación.14aTomatexOaxaca.14aTomatexRendimiento.1 aOrtiz Barreto, OmareDirector de tesis. uhttp://10.13.5.2/tesis/111302.pdfzDESCARGAR PDF